000 02373nam2a2200289 i 4500
001 RU\NLR\BIBL_A\011261912
005 20241102002821.0
010 _a9785994817636
_bч. 2
_970
021 _aRU
_b2016-80413
_95251
035 _a(NLR Aleph) 011261912
090 _a12220551
_c12220551
100 _a20161103d2015 u y0rusy50 ca
101 0 _arus
102 _aRU
105 _aa|||j|||000zy
200 0 _aЧ. 2
210 _d2015
215 _a146 с.
_cил.
313 _aТкачество
320 _aБиблиогр.: с. 144 (12 назв.)
461 0 _1001RU\NLR\BIBL_A\011286234
_12001#$aТехнологическая обработка текстильных изделий$eучебное пособие$eдля образовательных учреждений среднего профессионального образования Волгоградской области$e[для студентов специальности 29.02.05]$eв 3 ч.$fТ.Л. Фефелова, С.Ю. Бойко, В.Ю. Романов$gМинобрнауки России, Федер. гос. бюджет. образоват. учреждение высш. образования "Волгоград. гос. техн. ун-т", Камышин. технол. ин-т (фил.) федер. гос. бюджет. образоват. учреждения высш. образования "Волгоград. гос. техн. ун-т"$vЧ. 2
_1700#1$aФефелова$bТ. Л.$gТатьяна Леонидовна
_910895448
_aФефелова, Т. Л.
_cВолгоград
_d2015
_fТ.Л. Фефелова, С.Ю. Бойко, В.Ю. Романов
_nВолгГТУ
_oучебное пособие : для образовательных учреждений среднего профессионального образования Волгоградской области : [для студентов специальности 29.02.05] : в 3 ч.
_tТехнологическая обработка текстильных изделий
_y9785994817629
_vЧ. 2
606 _aТкацкое производство
_jУчебные издания для среднего профессионального образования
_91096471
_3RU\NLR\AUTH\66111635
686 1 _aМ304я723-1
942 _cBOOK
980 _aNBR